| 000 | 00694nam a2200217 a 4500 | ||
|---|---|---|---|
| 001 | BRCA_5831 | ||
| 005 | 20190320205230.0 | ||
| 008 | 140311s1913----mx-d######---o000-0#spa-# | ||
| 041 | _aspa | ||
| 044 | _amx | ||
| 050 | 4 |
_aHJ8589 _b.T47 _c1913 |
|
| 245 | 1 | 0 | _aProntuario de la deuda pública titulada y noticia de las obligaciones garantizadas por la Federación. |
| 260 |
_aMéxico _bTipografía de la Oficina Impresora de Estampillas. _c1913 |
||
| 300 |
_a79 p. _c33 cm. |
||
| 500 | _aGráficas. | ||
| 501 | _aH92 | ||
| 650 | 1 | 4 |
_aFinanzas públicas _zMéxico _914768 |
| 710 | 2 |
_aDepartamento de la Deuda Pública. _bTesorería de la Federación. _914769 |
|
| 902 | _aGFM | ||
| 942 |
_2lcc _cB |
||
| 999 |
_c5520 _d5520 |
||